00383nam a2200157Ia 4500008004100000020001800041041000800059082001500067100001600082245004000098250001200138260002100150300000800171365001600179700003000195230718s9999 xx 000 0 und d a9788126508327 aeng a620.1bMER aMeriam J.L. aEngineering Mechanics Vol.I Statics a5th ed. c2007bJohn Wiley a494 cRs.b379.00 aMeriam J.L. & Kraige L.G.